000 01264nam a22003497a 4500
003 CHAP
005 20220817044316.0
008 100119s2008 mx r 00010 spa d
010 _a97319
011 _a98291
020 _a9786070009259
035 _a108975
040 _cCHAP
082 0 4 _a633.730972
_bG52
100 1 _aGómez Gómez, Alma Alicia.
_949727
245 1 3 _aLa situación del café mexicano en el comercio internacional
_c/por Alma Alicia Goméz Goméz
246 3 _aTitulo en portada :
_iLa situación del café mexicano en los tratados de libre comercio firmados por México
260 _aMéxico, D.F. :
_bItaca :
_bUACH,
_c2008
300 _a166 p. :
_bcuadros, gráfs.
590 _aBATCH-UPD
_b10
_c20130110
_lUCH01
_h1334
590 _aBATCH-UPD
_b10
_c20130410
_lUCH01
_h0837
590 _aBATCH-UPD
_b10
_c20130914
_lUCH01
_h0812
590 _aCONVERSION
_b10
_c20130109
_lUCH01
_h1354
650 1 4 _aCafé
_xAspectos económicos
_xMéxico.
_917104
650 1 4 _aCafé
_xMercadeo.
_917169
650 1 4 _aCafé
_xMéxico.
_917176
650 1 4 _aComercio internacional.
_925641
650 1 4 _aTratado Trilateral de Libre Comercio.
901 _aBK
942 _cLIBRO
949 _a633.730972 G52
_bBC
_cUACH
_d33724002139132
_eUACH
_h111657
_i108975
_sb
999 _c97319
_d97319